<?xml version="1.0" encoding="UTF-8"?>
<record
    xmlns:xsi="http://www.w3.org/2001/XMLSchema-instance"
    xsi:schemaLocation="http://www.loc.gov/MARC21/slim http://www.loc.gov/standards/marcxml/schema/MARC21slim.xsd"
    xmlns="http://www.loc.gov/MARC21/slim">

  <leader>00897na  a2200265   4500</leader>
  <controlfield tag="001">23946</controlfield>
  <controlfield tag="003">MIRAKIL</controlfield>
  <controlfield tag="005">20181213155324.0</controlfield>
  <controlfield tag="008">180126b        tu            000 0      </controlfield>
  <datafield tag="040" ind1=" " ind2=" ">
    <subfield code="a">Milas</subfield>
    <subfield code="b">tur</subfield>
    <subfield code="c">TR-AnCHP</subfield>
  </datafield>
  <datafield tag="041" ind1=" " ind2=" ">
    <subfield code="a">tur</subfield>
  </datafield>
  <datafield tag="082" ind1=" " ind2=" ">
    <subfield code="a">330.9561</subfield>
    <subfield code="b">D54y [200?]</subfield>
  </datafield>
  <datafield tag="090" ind1=" " ind2=" ">
    <subfield code="a">330.9561 D54y [200?]</subfield>
  </datafield>
  <datafield tag="100" ind1=" " ind2=" ">
    <subfield code="a">Dileyici, Dilek</subfield>
  </datafield>
  <datafield tag="245" ind1=" " ind2=" ">
    <subfield code="a">Yeni y&#xFC;zy&#x131;l ve yeni T&#xFC;rkiye</subfield>
    <subfield code="b">21. y&#xFC;zy&#x131;lda ekonomik boyutlar&#x131;yla yeni bir T&#xFC;rkiye projesi</subfield>
    <subfield code="c">Dilek Dileyici, &#xD6;zlem &#xD6;zk&#x131;vrak</subfield>
  </datafield>
  <datafield tag="246" ind1=" " ind2=" ">
    <subfield code="a">21. y&#xFC;zy&#x131;lda ekonomik boyutlar&#x131;yla yeni bir T&#xFC;rkiye projesi</subfield>
  </datafield>
  <datafield tag="260" ind1=" " ind2=" ">
    <subfield code="a">[y.y.]</subfield>
    <subfield code="b">[yayl.y.]</subfield>
    <subfield code="c">[200?]</subfield>
  </datafield>
  <datafield tag="300" ind1=" " ind2=" ">
    <subfield code="a">90 s.</subfield>
    <subfield code="b">tbl. , hrt.</subfield>
    <subfield code="c">30 sm.</subfield>
  </datafield>
  <datafield tag="504" ind1=" " ind2=" ">
    <subfield code="a">Kaynak&#xE7;a var.</subfield>
  </datafield>
  <datafield tag="650" ind1=" " ind2=" ">
    <subfield code="a">Ekonomik durum</subfield>
    <subfield code="x">T&#xFC;rkiye</subfield>
  </datafield>
  <datafield tag="650" ind1=" " ind2=" ">
    <subfield code="a">Ekonomi</subfield>
    <subfield code="x">T&#xFC;rkiye</subfield>
  </datafield>
  <datafield tag="700" ind1=" " ind2=" ">
    <subfield code="a">&#xD6;zk&#x131;vrak, &#xD6;zlem</subfield>
  </datafield>
  <datafield tag="740" ind1=" " ind2=" ">
    <subfield code="a">21. y&#xFC;zy&#x131;lda ekonomik boyutlar&#x131;yla yeni bir T&#xFC;rkiye projesi</subfield>
  </datafield>
  <datafield tag="942" ind1=" " ind2=" ">
    <subfield code="2">ddc</subfield>
    <subfield code="c">BKS</subfield>
  </datafield>
  <datafield tag="952" ind1=" " ind2=" ">
    <subfield code="a">0001</subfield>
    <subfield code="b">0001</subfield>
    <subfield code="d">2018-01-26</subfield>
    <subfield code="e">2</subfield>
    <subfield code="l">0</subfield>
    <subfield code="o">330.9561 D54y [200?]</subfield>
    <subfield code="p">017930</subfield>
    <subfield code="r">2018-01-26 00:00:00</subfield>
    <subfield code="v">0.00</subfield>
    <subfield code="w">2018-01-26</subfield>
    <subfield code="y">BKS</subfield>
  </datafield>
  <datafield tag="999" ind1=" " ind2=" ">
    <subfield code="c">10513</subfield>
    <subfield code="d">10513</subfield>
  </datafield>
</record>
